000 00513nam a2200157 a 4500
008 120416s1984 ||||||||||||||||| || u
020 _a0140225927
050 _aHB 75 Don
100 _aDonaldson, Peter, 1934-
245 1 0 _aEconomics of the real world
250 _a3rd ed.
260 _aLondon
_bPenguin
_c1984
300 _a240p. : ill
350 _a0.00
995 _D0.00
_FCBU-MAIN LIBRARY (Kitwe)
_H1
_I4.99
_UAVAILABLE
_ZMain Library Open Access Collection
999 _c41060
_d41060